000 00216nam a2200085Ia 4500
008 120527s9999 xx 000 0 und d
100 _aGesell, et al
245 _aVision its development in infant and child
942 _cBK
999 _c27093
_d27093